000 00452nam a22001697a 4500
005 20251108164659.0
008 250721s9999 xx 000 0 ara d
082 1 4 _aم/811.1/طرف
245 1 0 _aديوان طرفة بن العبد /
250 _aط.3
264 1 _aبيروت :
_bدار صادر،
_c[19-].
300 _a95 ص
650 1 7 _aالشعر العربي
650 1 7 _aالعصر الجاهلي
942 _2ddc
_cREF
999 _c11703
_d11703